000 00365pam a2200145 a 4500
020 _c
041 _h
082 _a302
_bBAR
100 _aBaron, R.A.
245 _aSocial Psychology Understanding Human Interaction
_hTextual Documents
260 _aNew Delhi
_bPrentice Hall Of India Private Limited
300 _a699/PB
700 _aByrne, D.
930 _a1978
999 _c108811
_d108811